Efektívny komunikačný mix ako nástroj zvýšenia konkurencieschopnosti firmy bakalárska práca

Salvato in:
Dettagli Bibliografici
Autore principale: Achberger, Henrich
Ente Autore: Obchodná fakulta EU. Katedra marketingu
Altri autori: Zámečník, Peter
Natura: Libro
Lingua:slovacco
Pubblicazione: Bratislava 2015
Tags: Aggiungi Tag
Nessun Tag, puoi essere il primo ad aggiungerne!!

MARC

LEADER 00000nbm a2200000 4500
001 0206513
005 20170111082953.8
041 0 |a slo 
044 |a SK 
245 1 0 |a Efektívny komunikačný mix ako nástroj zvýšenia konkurencieschopnosti firmy  |b bakalárska práca  |c Henrich Achberger ; školiteľ: Peter Zámečník 
264 1 |a Bratislava  |c 2015 
300 |a 59 s. 
100 1 |a Achberger, Henrich 
700 1 |a Zámečník, Peter 
710 2 |a Obchodná fakulta EU. Katedra marketingu